00507nam a22001697a 450000500170000001000270001702000270004403500250007103700130009608200110010910000180012024500450013826000340018327000500021730000310026750000390029820230628172143.0 aENG-124363 ENG-137218 c1295.00a9789386552402 aEN-107895 EN-120750 bDBAD/PUB a954.13 aTrivedi, K.K. aMedieval city of agra /cby K.K. Trivedi aNew DelhibPrimus Booksc2018 aArakashan Road, Paharganj,bNew Delhie110055 axi,180p.c22cm. (Hb)bill. aIt includes bibliography and index